Multivariate statistical analysis : proceedings of the research seminar at Dalhousie University, Halifax, October 5-7, 1979 /
Guardado en:
| Autor Corporativo: | |
|---|---|
| Otros Autores: | |
| Formato: | Libro |
| Idioma: | English |
| Publicado: |
Amsterdam : New York :
North-Holland Pub. Co. ; sole distributors for the U.S. and Canada, Elsevier North-Holland,
1980.
|
| Materias: | |
| Etiquetas: |
Agregar Etiqueta
Sin Etiquetas, Sea el primero en etiquetar este registro!
|
| LEADER | 00984pam a22002175a 4500 | ||
|---|---|---|---|
| 001 | EIQ.libpla000351 | ||
| 008 | 800529s1980####ne#a#####b####100#0#eng#d | ||
| 005 | 20060512193202.0 | ||
| 245 | 1 | 0 | |a Multivariate statistical analysis : |b proceedings of the research seminar at Dalhousie University, Halifax, October 5-7, 1979 / |c edited by R. P. Gupta. |
| 260 | |a Amsterdam : |b North-Holland Pub. Co. ; |a New York : |b sole distributors for the U.S. and Canada, Elsevier North-Holland, |c 1980. | ||
| 300 | |a viii, 289 p. : |b il. ; |c 23 cm. | ||
| 504 | |a Incluye referencias bibliográficas. | ||
| 020 | |a 0444860193 | ||
| 111 | 2 | |a Proceedings of the research seminar on Multivariate Statistical Inference |d (1979 : |c Dalhousie University, Halifax) | |
| 700 | 1 | |a Gupta, R. P. | |
| 082 | 0 | 0 | |a 519.5/35 |
| 650 | 4 | |a Análisis multivariable |x Congresos. | |
| 650 | 0 | |a Multivariate analysis |x Congresses. | |
| 010 | |a 80017142 | ||
| 040 | |a DLC |c DLC |d AR-BbSID | ||
| 859 | |a AR-BbSID |b BIB. PLAPIQUI |h 519.54 |i G 943 |p 1646 | ||
